Welcome to CU Library Online Public Access Catalogue (OPAC)

Revisioning men's lives : (Record no. 9010)

MARC details
000 -LEADER
fixed length control field 01132cam a2200289 a 4500
001 - CONTROL NUMBER
control field 4870314
005 - DATE AND TIME OF LATEST TRANSACTION
control field 20260313113135.0
008 - FIXED-LENGTH DATA ELEMENTS--GENERAL INFORMATION
fixed length control field 921030s1993 nyu b 001 0 eng
020 ## - INTERNATIONAL STANDARD BOOK NUMBER
International Standard Book Number 0898629934
Qualifying information acid-free paper
020 ## - INTERNATIONAL STANDARD BOOK NUMBER
International Standard Book Number 0898622719 (pbk. : acidfree paper) :
Terms of availability $17.95
020 ## - INTERNATIONAL STANDARD BOOK NUMBER
International Standard Book Number 9780898629934
Qualifying information (acid-free paper)
020 ## - INTERNATIONAL STANDARD BOOK NUMBER
International Standard Book Number 9780898622713
050 00 - LIBRARY OF CONGRESS CALL NUMBER
Classification number HQ1090
Item number .K86 1993
082 00 - DEWEY DECIMAL CLASSIFICATION NUMBER
Classification number 155.3/32
Edition information 20
100 1# - MAIN ENTRY--PERSONAL NAME
Personal name Kupers, Terry Allen.
245 10 - TITLE STATEMENT
Title Revisioning men's lives :
Remainder of title gender, intimacy, and power /
Statement of responsibility, etc. Terry A. Kupers.
260 ## - PUBLICATION, DISTRIBUTION, ETC.
Place of publication, distribution, etc. New York :
Name of publisher, distributor, etc. Guilford Press,
Date of publication, distribution, etc. c1993.
300 ## - PHYSICAL DESCRIPTION
Extent viii, 200 p. ;
Dimensions 23 cm.
650 #0 - SUBJECT ADDED ENTRY--TOPICAL TERM
Topical term or geographic name entry element Men
General subdivision Psychology.
650 #0 - SUBJECT ADDED ENTRY--TOPICAL TERM
Topical term or geographic name entry element Masculinity.
650 #0 - SUBJECT ADDED ENTRY--TOPICAL TERM
Topical term or geographic name entry element Sex role.
856 42 - ELECTRONIC LOCATION AND ACCESS
Materials specified Contributor biographical information
Uniform Resource Identifier <a href="http://www.loc.gov/catdir/bios/guilford051/92036142.html">http://www.loc.gov/catdir/bios/guilford051/92036142.html</a>
856 42 - ELECTRONIC LOCATION AND ACCESS
Materials specified Publisher description
Uniform Resource Identifier <a href="http://www.loc.gov/catdir/description/guilford051/92036142.html">http://www.loc.gov/catdir/description/guilford051/92036142.html</a>
856 41 - ELECTRONIC LOCATION AND ACCESS
Materials specified Table of contents
Uniform Resource Identifier <a href="http://www.loc.gov/catdir/toc/guilford041/92036142.html">http://www.loc.gov/catdir/toc/guilford041/92036142.html</a>
856 41 - ELECTRONIC LOCATION AND ACCESS
Materials specified Sample text
Uniform Resource Identifier <a href="http://www.loc.gov/catdir/enhancements/fy0651/92036142-s.html">http://www.loc.gov/catdir/enhancements/fy0651/92036142-s.html</a>
942 ## - ADDED ENTRY ELEMENTS (KOHA)
Source of classification or shelving scheme Library of Congress Classification
Koha item type Books
Suppress in OPAC No
999 ## -
-- 9010
-- 9010
Holdings
Withdrawn status Lost status Source of classification or shelving scheme Damaged status Not for loan Collection Home library Current library Shelving location Date acquired Total checkouts Full call number Barcode Date last seen Copy number Price effective from Koha item type
    Library of Congress Classification     Non-fiction Business Library (Miotso) Business Library (Miotso) General stacks 03/11/2026   HQ1090 .K86 1993 BSSM00002716 03/13/2026 1 03/11/2026 Books
    Library of Congress Classification     Non-fiction Business Library (Miotso) Business Library (Miotso) General stacks 03/11/2026   HQ1090 .K86 1993 BSSM00002717 03/13/2026 2 03/11/2026 Books
© 2023-2024 Copyright: Central University Libraries. All Rights Reserved | Created by: Mahone Tech Office